Visualizzazione normale
Vista MARC
- Tessarin Emilio (et al.)
di Personal Name
Records bibliografici associati: 1
001 - CONTROL NUMBER
- control field: 61560
003 - CONTROL NUMBER IDENTIFIER
- control field:
005 - DATE AND TIME OF LATEST TRANSACTION
- control field: 20250218121639.0
008 - FIXED-LENGTH DATA ELEMENTS
- fixed length control field: 250218|| aca||aabn | a|a d
040 ## - CATALOGING SOURCE
- Original cataloging agency:
- Transcribing agency:
100 ## - HEADING--PERSONAL NAME
- Personal name: Tessarin Emilio (et al.)
670 ## - SOURCE DATA FOUND
- Source citation: Work cat.: ()207268: Tessarin Emilio (et al.), Il volontariato e le istituzioni promuovono la centralità della famiglia nelle politiche sociali., 2000